00509nam a2200121Ia 4500082001200000100001800012245015800030260002800188300002100216650006900237650006500306710001600371 aTP.0020 aPrabhudas, O. 0aChanging economic conditions of landless agricultural labour under varying agro economic regions : A case study of West Godavari district, Andhra Pradesh c1988bAndhra University a217p. + C D - 46 aAGRICULTURAL LABOURERS - ANDHRA PRADESH - WEST GODAVARI DISTRICT aLANDLESS LABOURERS - ANDHRA PRADESH - WEST GODAVARI DISTRICT aAbraham, V.